[Event "Challenge"]
[Site "http://www.queenalice.com/game.php?id=789693"]
[Date "2010.6.14"]
[Round "-"]
[White "an2lec"]
[Black "miras773"]
[Result "1-0"]
[WhiteElo "2534"]
[BlackElo "1799"]

1. e4 e5 2. Nf3 Nc6 3. Bb5 Nf6 4. d3 Bc5 5. Bxc6 dxc6 6. Be3 Bd6 7. h3 O-O 8.
Nbd2 Qe7 9. Nc4 Rd8 10. O-O b6 11. Bg5 Ba6 12. Nxd6 cxd6 13. Nh4 Qe6 14. Qf3 d5
15. Rfe1 h6 16. Bxf6 Rd6 17. Bxg7 Kh7 18. Bxe5 Rdd8 19. exd5 Rxd5 20. Bc3 Qd7
21. Qf6 1-0

[Event "Challenge"]
[Site "http://www.queenalice.com/game.php?id=789803"]
[Date "2010.6.14"]
[Round "-"]
[White "chessprm"]
[Black "an2lec"]
[Result "0-1"]
[WhiteElo "2438"]
[BlackElo "2546"]

1. d4 Nf6 2. Nf3 e6 3. Bg5 h6 4. Bxf6 Qxf6 5. e4 d6 6. Nc3 Nd7 7. Qd2 a6 8.
O-O-O Qd8 9. h4 b5 10. Qe3 b4 11. Ne2 c5 12. d5 e5 13. Nd2 Be7 14. Nc4 Nb6 15.
Nxb6 Qxb6 16. Kb1 O-O 17. g4 Qd8 18. g5 hxg5 19. hxg5 Bxg5 20. Qg3 Qf6 21. Bh3
g6 22. Bxc8 Rfxc8 23. Rdg1 Bf4 24. Qh3 Kf8 25. Nxf4 exf4 26. Qf3 Ke7 27. Rg4 g5
28. Rh5 Rg8 29. Qg2 a5 30. Kc1 a4 31. Rgxg5 Rxg5 32. Qxg5 Qxg5 33. Rxg5 Rh8 34.
Rg1 Rh2 35. Rf1 Kf6 36. Kd2 Rh3 37. f3 c4 38. Kd1 Ke5 39. Ke2 Rh2+ 40. Rf2 Rxf2+
41. Kxf2 f5 42. exf5 Kxf5 43. b3 axb3 44. axb3 Ke5 45. Ke2 Kxd5 46. Kd2 cxb3 0-1

[Event "Challenge"]
[Site "http://www.queenalice.com/game.php?id=795323"]
[Date "2010.6.26"]
[Round "-"]
[White "an2lec"]
[Black "shogun"]
[Result "1-0"]
[WhiteElo "2552"]
[BlackElo "2605"]

1. e4 c5 2. Nf3 d6 3. d4 cxd4 4. Nxd4 Nf6 5. Nc3 a6 6. Be3 e5 7. Nf3 Be6 8. Ng5
Qc7 9. Nxe6 fxe6 10. g3 d5 11. exd5 Bb4 12. Bg2 exd5 13. Bxd5 Bxc3+ 14. bxc3
Qxc3+ 15. Bd2 Qc7 16. c4 Nc6 17. O-O O-O-O 18. Bg2 h5 19. Qc2 h4 20. Bc3 Qd7 21.
Rab1 Qe6 22. Rfe1 Rd7 23. Rb6 Rc7 24. Bxe5 Rh5 25. Bc3 Qxc4 26. Qb2 hxg3 27.
hxg3 Nd5 28. Rb3 Nxc3 29. Rxc3 Qf7 30. Rf3 Qg8 31. Rfe3 Rh8 32. Bxc6 Rxc6 33.
Re7 b6 34. Qd4 Qd8 35. Qxg7 Rg8 36. Qe5 Qd6 37. Qf5+ Kb8 38. Rd7 Qc5 39. Qh7
Rxg3+ 40. Kh1 Rh3+ 41. Qxh3 Rc7 42. Rxc7 Qxc7 43. Qh2 Kb7 44. Qxc7+ 1-0

[Event "Challenge"]
[Site "http://www.queenalice.com/game.php?id=795324"]
[Date "2010.6.26"]
[Round "-"]
[White "shogun"]
[Black "an2lec"]
[Result "0-1"]
[WhiteElo "2597"]
[BlackElo "2565"]

1. e4 e5 2. Nf3 Nc6 3. Bb5 Nf6 4. O-O Nxe4 5. d4 Nd6 6. Bxc6 dxc6 7. dxe5 Nf5 8.
Qxd8+ Kxd8 9. Nc3 h6 10. h3 Be6 11. g4 Ne7 12. Nd4 Bd7 13. Bf4 c5 14. Ndb5 Be6
15. Ne4 Kc8 16. Be3 Nc6 17. a4 b6 18. f4 Kb7 19. Bf2 h5 20. Ng5 hxg4 21. Nxe6
fxe6 22. hxg4 g5 23. fxg5 Be7 24. Rad1 a6 25. Rd7 axb5 26. axb5 Ra4 27. bxc6+
Kxc6 28. Rxe7 Rxg4+ 29. Bg3 Rxg3+ 30. Kf2 Rxg5 31. Rxe6+ Kd5 32. Re7 Rf8+ 33.
Ke1 Rxf1+ 34. Kxf1 Rf5+ 35. Kg2 Rxe5 36. Rd7+ Kc6 37. Rd2 c4 38. Kf3 Kb5 39. Rd7
c5 40. Ra7 c3 41. Ra2 Kb4 42. Ra3 cxb2 43. Rb3+ Kc4 44. Rxb2 Kc3 45. Rxb6 Kxc2
46. Kf4 Rd5 47. Rb5 Kc3 48. Ra5 Kb4 49. Ra8 c4 50. Ke4 Rd7 51. Ke3 c3 52. Rc8
Kb3 53. Rb8+ Ka2 54. Rc8 Kb2 55. Rb8+ Kc1 56. Rb6 c2 57. Ke2 Re7+ 58. Kf2 Re5
59. Rb7 Kd2 60. Rd7+ Kc3 61. Rc7+ Kd3 62. Kf3 Re3+ 63. Kf2 Re4 64. Rxc2 Kxc2 0-1

[Event "Challenge"]
[Site "http://www.queenalice.com/game.php?id=801710"]
[Date "2010.7.11"]
[Round "-"]
[White "Ahlkhanvio"]
[Black "an2lec"]
[Result "0-1"]
[WhiteElo "2337"]
[BlackElo "2542"]

1. d4 Nf6 2. c4 e6 3. Nc3 Bb4 4. f3 d5 5. a3 Bxc3+ 6. bxc3 c6 7. Qc2 c5 8. cxd5
exd5 9. e3 O-O 10. Ne2 Re8 11. Bd2 c4 12. Ng3 h5 13. h4 Qd6 14. Kf2 Nc6 15. Be2
b5 16. Rab1 Rb8 17. e4 dxe4 18. Nxe4 Nxe4+ 19. fxe4 Bg4 20. Bxg4 hxg4 21. e5
Qxa3 22. Qe4 Na5 23. Qxg4 Qa2 24. Qe2 Nb3 25. Rbd1 Rb6 26. Be3 Qxe2+ 27. Kxe2 a5
28. Kf3 b4 29. d5 Rb7 30. Bd4 Rd7 31. d6 f6 32. Rhe1 fxe5 33. Bxe5 Nc5 34. cxb4
Nd3 35. bxa5 Nxe1+ 36. Rxe1 Rxd6 37. Bxd6 Rxe1 0-1

[Event "Challenge"]
[Site "http://www.queenalice.com/game.php?id=801712"]
[Date "2010.7.11"]
[Round "-"]
[White "an2lec"]
[Black "Ahlkhanvio"]
[Result "1-0"]
[WhiteElo "2561"]
[BlackElo "2345"]

1. Nf3 d5 2. d4 Nf6 3. c4 e6 4. g3 Bb4+ 5. Bd2 Be7 6. Bg2 O-O 7. O-O c6 8. Bf4
Nbd7 9. Qc2 b6 10. cxd5 cxd5 11. Rc1 Bb7 12. Qb3 Rc8 13. Rxc8 Qxc8 14. Nc3 Qc4
15. Qxc4 dxc4 16. a4 a6 17. Ne5 Bxg2 18. Kxg2 Nxe5 19. dxe5 Nd5 20. Nxd5 exd5
21. Be3 Bc5 22. Rd1 Rd8 23. Bd4 g6 24. a5 Bxd4 25. Rxd4 Rb8 26. Rxd5 bxa5 27.
Rxa5 Rxb2 28. Kf3 Rb6 29. Ra2 Kf8 30. Ke4 c3 31. Kd3 g5 32. f4 gxf4 33. gxf4 Rc6
34. Rc2 a5 35. Rxc3 Ra6 36. Kc4 f6 37. exf6 Rxf6 38. e3 Rh6 39. Ra3 Rxh2 40.
Rxa5 Re2 41. Kd4 Kf7 42. Ra7+ Kg6 43. e4 1-0

[Event "AUTO-OPEN-1582"]
[Site "http://www.queenalice.com/game.php?id=819416"]
[Date "2010.8.17"]
[Round "3"]
[White "an2lec"]
[Black "jotu"]
[Result "0-1"]
[WhiteElo "2574"]
[BlackElo "2319"]

1. Nf3 Nf6 2. c4 c5 3. Nc3 d6 4. d4 cxd4 5. Nxd4 e6 6. g3 Be7 7. Bg2 a6 8. O-O
Qc7 9. b3 O-O 10. Bb2 Nc6 11. Rc1 Ne5 12. e3 Bd7 13. f4 Ng6 14. f5 Ne5 15. fxe6
fxe6 16. Bh3 Qc8 17. Na4 Bd8 18. c5 d5 0-1

[Event "AUTO-OPEN-1582"]
[Site "http://www.queenalice.com/game.php?id=819417"]
[Date "2010.8.17"]
[Round "3"]
[White "jotu"]
[Black "an2lec"]
[Result "0-1"]
[WhiteElo "2275"]
[BlackElo "2575"]

1. e4 c5 2. Nf3 a6 3. d4 cxd4 4. Nxd4 Nf6 5. Nc3 e5 6. Nde2 Bc5 7. Ng3 d6 8. Be2
O-O 9. O-O h6 10. Kh1 Nc6 11. Na4 Bd4 12. c3 Ba7 13. c4 Nd4 14. Nc3 b5 15. cxb5
axb5 16. Nxb5 Nxb5 17. Bxb5 Ng4 18. Qe2 Qh4 19. h3 Nxf2+ 20. Rxf2 Qxg3 21. Rf3
Qh4 22. Rf1 Bb7 23. Bd3 f5 24. Bc4+ Kh8 25. Bd5 Bxd5 26. exd5 Qb4 27. a3 Qb7 28.
b4 Qxd5 29. Bb2 f4 30. Rad1 Qe6 31. Qe4 Rac8 32. Rd3 Be3 33. Qd5 Qxd5 34. Rxd5
Rc2 35. Ba1 Rf6 0-1

[Event "AUTO-ELITE-669"]
[Site "http://www.queenalice.com/game.php?id=864809"]
[Date "2010.11.28"]
[Round "1"]
[White "iamtherealtylerdurden"]
[Black "an2lec"]
[Result "0-1"]
[WhiteElo "2518"]
[BlackElo "2561"]

1. c4 e5 2. g3 Nf6 3. Bg2 h6 4. Nc3 Bb4 5. e3 Bxc3 6. bxc3 O-O 7. Ne2 d6 8. O-O
Re8 9. Rb1 Nbd7 10. d3 e4 11. dxe4 Nxe4 12. Qc2 Nec5 13. Ba3 Ne5 14. Nf4 c6 15.
Rbd1 Qa5 16. Bb4 Qc7 17. Bxc5 dxc5 18. Qa4 a6 19. e4 Bd7 20. h3 Red8 21. Rfe1 b5
22. Qc2 bxc4 23. Re2 Be8 24. Red2 Rxd2 25. Qxd2 Rb8 26. Qe3 Qa5 27. Rd2 Rb1+ 28.
Kh2 Ra1 29. Rb2 Bd7 30. Rb8+ Kh7 31. Rb2 Rxa2 32. Rxa2 Qxa2 33. Qxc5 f6 34. Nh5
Kg6 35. Nf4+ Kf7 36. Bf1 g5 37. Nh5 Nd3 0-1

[Event "AUTO-ELITE-669"]
[Site "http://www.queenalice.com/game.php?id=864810"]
[Date "2010.11.28"]
[Round "1"]
[White "an2lec"]
[Black "iamtherealtylerdurden"]
[Result "1-0"]
[WhiteElo "2568"]
[BlackElo "2524"]

1. e4 c5 2. Nf3 d6 3. d4 cxd4 4. Nxd4 Nf6 5. Nc3 a6 6. Be3 e5 7. Nde2 Ng4 8. Nd5
Nxe3 9. Nxe3 Be6 10. Nc3 Be7 11. Bc4 O-O 12. Ncd5 Bg5 13. h4 Bxe3 14. Nxe3 Nc6
15. c3 Rc8 16. h5 b5 17. Bd5 Na5 18. h6 g6 19. O-O Nc4 20. Nxc4 bxc4 21. b4 cxb3
22. Bxe6 b2 23. Bxc8 bxa1=Q 24. Qxa1 Qxc8 25. Qc1 Qc4 26. Rd1 Qxe4 27. Rxd6 a5
28. c4 Qf4 29. Qxf4 exf4 30. Ra6 Rc8 31. Rxa5 Kf8 32. c5 Rc6 33. a4 Ke7 34. Kf1
g5 35. Ke2 Rxh6 36. Ra7+ Kd8 37. Kd3 f3 38. g3 Rh1 39. Rxf7 g4 40. a5 Ra1 41.
Rxh7 Rxa5 42. c6 Re5 43. c7+ Kc8 44. Rg7 Re2 45. Rxg4 Rxf2 46. Ke3 Rb2 47. Kxf3
Rb3+ 48. Kf4 Kxc7 49. Ke5 Re3+ 50. Kf6 Rf3+ 51. Kg7 Kd6 52. Rg6+ Ke5 53. Kh6 Kf5
54. Kh5 Ke5 55. g4 1-0

[Event "AUTO-ELITE-669"]
[Site "http://www.queenalice.com/game.php?id=864815"]
[Date "2010.11.28"]
[Round "1"]
[White "GMNeny"]
[Black "an2lec"]
[Result "0-1"]
[WhiteElo "2344"]
[BlackElo "2580"]

1. e4 c5 2. Nf3 d6 3. d4 cxd4 4. Nxd4 Nf6 5. Nc3 a6 6. Be3 e5 7. Nb3 Be6 8. f3
Be7 9. Qd2 h5 10. Nd5 Nxd5 11. exd5 Bf5 12. Be2 Nd7 13. Rc1 a5 14. a4 Bh4+ 15.
g3 Bf6 16. c4 b6 17. Bd3 Bh3 18. Kf2 Nc5 19. Nxc5 bxc5 20. Rhe1 O-O 21. Qc2 Rb8
22. b3 Bg5 23. Bf5 Bxe3+ 24. Rxe3 Bxf5 25. Qxf5 g6 26. Qd3 f5 27. Kg2 Kf7 28.
Rb1 h4 29. Qd2 Qg5 30. Re2 Qxd2 31. Rxd2 hxg3 32. hxg3 Rh8 33. Rdb2 Kf6 34. Re1
Rh7 35. Rh1 Rxh1 36. Kxh1 e4 37. f4 Kg7 38. Kg1 g5 39. Kg2 Kf7 40. Rb1 Kg6 41.
Kf2 Kh5 42. Ke3 Kg4 43. fxg5 Kxg5 44. Kf2 Kg4 45. Kg2 f4 46. gxf4 Kxf4 0-1

[Event "AUTO-ELITE-669"]
[Site "http://www.queenalice.com/game.php?id=864816"]
[Date "2010.11.28"]
[Round "1"]
[White "an2lec"]
[Black "GMNeny"]
[Result "1-0"]
[WhiteElo "2577"]
[BlackElo "2344"]

1. e4 c5 2. Nf3 d6 3. d4 cxd4 4. Nxd4 Nf6 5. Nc3 a6 6. Be3 e5 7. Nde2 Be7 8. Ng3
g6 9. Bc4 O-O 10. Nd5 Nxd5 11. Bxd5 Nc6 12. O-O Nb4 13. Bb3 Qc7 14. Ne2 b5 15.
Qd2 Nc6 16. Bh6 Re8 17. f4 Be6 18. f5 Bxb3 19. axb3 d5 20. exd5 Nd4 21. fxg6
hxg6 22. Nxd4 exd4 23. Kh1 Qc5 24. c4 dxc3 25. bxc3 Bd6 26. Qd3 Qc7 27. Rf3 Qe7
28. Raf1 f5 29. Be3 Rac8 30. Bg1 Qe2 31. Qd4 Qe5 32. Qd2 Qg7 33. Re1 Rxe1 34.
Qxe1 Qf7 35. Re3 Bf8 36. Re6 Bg7 37. Rxa6 Bxc3 38. Qg3 Bf6 39. Ra7 1-0

[Event "AUTO-ELITE-1041"]
[Site "http://www.queenalice.com/game.php?id=1098337"]
[Date "2012.8.31"]
[Round "1"]
[White "an2lec"]
[Black "capaputi"]
[Result "1-0"]
[WhiteElo "2571"]
[BlackElo "2211"]

1. e4 g6 2. d4 Bg7 3. Nc3 d6 4. Be3 Nf6 5. Qd2 Ng4 6. Bg5 h6 7. Bh4 Nc6 8. f3
Nf6 9. O-O-O O-O 10. d5 Ne5 11. f4 Ned7 12. Nf3 a5 13. e5 dxe5 14. fxe5 Ng4 15.
e6 Nde5 16. h3 Nxf3 17. gxf3 Ne5 18. Qe3 fxe6 19. dxe6 Qe8 20. f4 Qc6 21. Nd5
Kh7 22. fxe5 Bxe6 23. Bg2 Bxd5 24. Bxd5 Qa6 25. Rhg1 Rf5 26. Be4 Rxe5 27. Rxg6
Qxg6 28. Bxg6+ Kxg6 29. Rg1+ 1-0

[Event "AUTO-ELITE-1041"]
[Site "http://www.queenalice.com/game.php?id=1098338"]
[Date "2012.8.31"]
[Round "1"]
[White "capaputi"]
[Black "an2lec"]
[Result "0-1"]
[WhiteElo "2210"]
[BlackElo "2572"]

1. e4 c5 2. Nf3 Nc6 3. b4 Nxb4 4. c3 Nc6 5. d4 d5 6. exd5 Qxd5 7. c4 Qe4+ 8. Be3
cxd4 9. Nxd4 Bg4 10. Qa4 Bd7 11. Nxc6 Bxc6 12. Qb3 e6 13. Nc3 Qe5 14. Rd1 Nh6
15. Be2 Nf5 16. Nb5 Bxg2 17. Rg1 Nxe3 18. fxe3 Bc6 19. Rg3 Be7 20. Rh3 g6 21.
Bf3 Qf5 22. Bxc6+ bxc6 23. Nc7+ Kf8 24. Nxa8 Qxh3 25. Qc3 Qh4+ 26. Kf1 Bf6 27.
Qc2 Kg7 28. Nc7 Rb8 29. Rd2 Qh3+ 0-1

[Event "AUTO-ELITE-1041"]
[Site "http://www.queenalice.com/game.php?id=1098339"]
[Date "2012.8.31"]
[Round "1"]
[White "an2lec"]
[Black "toninhojit"]
[Result "1-0"]
[WhiteElo "2573"]
[BlackElo "2401"]

1. e4 g6 2. d4 Bg7 3. Nc3 d6 4. Be3 Nf6 5. Qd2 O-O 6. O-O-O c6 7. f3 b5 8. Kb1
Nbd7 9. g4 Nb6 10. Bh6 Bxh6 11. Qxh6 Be6 12. h4 Na4 13. Nce2 Qa5 14. b3 Qb4 15.
Ka1 Qa3 16. Rb1 Qb4 17. h5 Nc3 18. Rb2 Nd1 19. e5 dxe5 20. dxe5 1-0

[Event "AUTO-ELITE-1041"]
[Site "http://www.queenalice.com/game.php?id=1098340"]
[Date "2012.8.31"]
[Round "1"]
[White "toninhojit"]
[Black "an2lec"]
[Result "0-1"]
[WhiteElo "2405"]
[BlackElo "2578"]

1. d4 Nf6 2. c4 e6 3. g3 d5 4. Nf3 Be7 5. Bg2 O-O 6. O-O dxc4 7. Qc2 a6 8. a4
Bd7 9. Qxc4 Bc6 10. Bg5 Bd5 11. Qd3 Be4 12. Qd1 h6 13. Bxf6 Bxf6 14. Nc3 Bh7 15.
e4 Nc6 16. e5 Be7 17. d5 exd5 18. Nxd5 Nb4 19. Nxb4 Bxb4 20. Qb3 a5 21. Rfd1 Qe7
22. Bh3 Kh8 23. Rd4 Rad8 24. Rad1 Rxd4 25. Rxd4 Qc5 26. Kg2 Bc2 27. Qc4 Bb1 28.
Qxc5 Bxc5 29. Rd5 b6 30. Rd7 Be4 31. Bg4 f6 32. exf6 Rxf6 33. h4 Bd6 34. Rd8+
Kh7 35. Re8 Bc6 36. Re1 Bc5 37. b3 Bd5 38. Rb1 c6 39. h5 g6 40. Rb2 Kg7 0-1

[Event "Let's Play Chess!"]
[Site "http://www.queenalice.com/game.php?id=1106855"]
[Date "2012.9.27"]
[Round "-"]
[White "an2lec"]
[Black "FerreiraAzevedo"]
[Result "0-1"]
[WhiteElo "2583"]
[BlackElo "2732"]

1. e4 c5 2. Nf3 Nc6 3. Nc3 e5 4. Bc4 Be7 5. d3 d6 6. O-O Nf6 7. Ng5 O-O 8. f4
Bg4 9. Qe1 h6 10. h3 Bh5 11. g4 hxg5 12. fxg5 Nh7 13. gxh5 Bxg5 14. Qg3 Bxc1 15.
Raxc1 Qg5 16. Qxg5 Nxg5 17. Kh2 Nd4 18. Rf2 b5 19. Bxb5 Rab8 20. Bc4 Rxb2 21.
Nd1 Rb7 22. Ne3 Rfb8 23. h6 Rb1 24. Rxb1 Rxb1 25. h4 Ngf3+ 26. Kh3 Rh1+ 27. Kg3
Rg1+ 28. Rg2 Rxg2+ 0-1

[Event "AUTO-ELITE-1041"]
[Site "http://www.queenalice.com/game.php?id=1185973"]
[Date "2013.5.30"]
[Round "2"]
[White "an2lec"]
[Black "WakanTanka"]
[Result "1-0"]
[WhiteElo "2638"]
[BlackElo "2614"]

1. d4 Nf6 2. c4 e6 3. Nc3 Bb4 4. e3 O-O 5. Bd3 d5 6. Nf3 c5 7. O-O Nc6 8. a3
Bxc3 9. bxc3 b6 10. cxd5 exd5 11. Ne5 Qc7 12. Nxc6 Qxc6 13. f3 Re8 14. a4 Bd7
15. Qe2 a5 16. Bd2 Qe6 17. Rfb1 Rab8 18. dxc5 bxc5 19. Rxb8 Rxb8 20. c4 Qe5 21.
Qe1 Re8 22. Bf1 d4 23. Ra3 Bf5 24. Qa1 Bc2 25. Be1 Qf5 26. e4 Qd7 27. Qc1 Bxa4
28. Bh4 Rb8 29. Bd3 Rb4 30. Be1 Rb8 31. Qg5 Rc8 32. e5 h6 33. Qg3 Ne8 34. Qf4
Nc7 35. Qe4 g6 36. Qh4 Re8 37. f4 Bc6 38. Bxa5 Rb8 39. Bxc7 Qxc7 40. Qxh6 Rb2
41. Bf1 Bd7 42. h4 Bf5 43. h5 Rb1 44. Qg5 Rb8 45. Ra6 Rb6 46. Ra8+ Kg7 47. Qh4
gxh5 48. Qxh5 1-0

[Event "AUTO-ELITE-1041"]
[Site "http://www.queenalice.com/game.php?id=1185974"]
[Date "2013.5.30"]
[Round "2"]
[White "WakanTanka"]
[Black "an2lec"]
[Result "1/2-1/2"]
[WhiteElo "2615"]
[BlackElo "2638"]

1. d4 d5 2. c4 c6 3. cxd5 cxd5 4. Nc3 Nf6 5. Nf3 Nc6 6. Bf4 a6 7. e3 Bg4 8. h3
Bxf3 9. Qxf3 e6 10. Bd3 h6 11. O-O Bd6 12. Rac1 O-O 13. Bxd6 Qxd6 14. Na4 Rfc8
15. Nc5 Nd7 16. a3 Nxc5 17. Rxc5 a5 18. Rfc1 b6 19. R5c2 Ne7 20. e4 dxe4 21.
Qxe4 g6 22. Rxc8+ Rxc8 23. Rxc8+ Nxc8 24. Qa8 Qc7 25. d5 exd5 26. Qxd5 Ne7 27.
Qd4 1/2-1/2